| 000 | 00517nam a2200169 i 4500 | ||
|---|---|---|---|
| 001 | 69467 | ||
| 003 | ES-MaACL | ||
| 005 | 20230906170528.0 | ||
| 007 | t| | ||
| 008 | 040706s1979 sp ||||1| spa d | ||
| 100 | 1 |
_aGarcía Castro, Fernando. _954363 |
|
| 245 | 1 | 0 |
_aCálculo infinitesimal _b: I / _cFernando García Castro, Andrés Gutiérrez Gómez. |
| 260 |
_aMadrid : _bPirámide, _c[1979] |
||
| 300 |
_a230 p. ; _c23 cm. |
||
| 700 | 1 |
_aGutiérrez Gómez, Andrés. _961156 |
|
| 852 |
_aES-MaACL _jA-10576 _bR.99770 |
||
| 999 |
_c69467 _d69467 |
||